<?xml version="1.0" encoding="UTF-8"?><?xml-stylesheet type="text/xsl" href="static/style.xsl"?><OAI-PMH xmlns="http://www.openarchives.org/OAI/2.0/" xmlns:xsi="http://www.w3.org/2001/XMLSchema-instance" xsi:schemaLocation="http://www.openarchives.org/OAI/2.0/ http://www.openarchives.org/OAI/2.0/OAI-PMH.xsd"><responseDate>2026-04-27T14:38:20Z</responseDate><request verb="GetRecord" identifier="oai:uvadoc.uva.es:10324/13152" metadataPrefix="marc">https://uvadoc.uva.es/oai/request</request><GetRecord><record><header><identifier>oai:uvadoc.uva.es:10324/13152</identifier><datestamp>2021-06-29T11:23:09Z</datestamp><setSpec>com_10324_38</setSpec><setSpec>col_10324_852</setSpec></header><metadata><record xmlns="http://www.loc.gov/MARC21/slim" xmlns:doc="http://www.lyncode.com/xoai" xmlns:xsi="http://www.w3.org/2001/XMLSchema-instance" xmlns:dcterms="http://purl.org/dc/terms/" xsi:schemaLocation="http://www.loc.gov/MARC21/slim http://www.loc.gov/standards/marcxml/schema/MARC21slim.xsd">
<leader>00925njm 22002777a 4500</leader>
<datafield tag="042" ind1=" " ind2=" ">
<subfield code="a">dc</subfield>
</datafield>
<datafield tag="720" ind1=" " ind2=" ">
<subfield code="a">González del Dedo, Miriam</subfield>
<subfield code="e">author</subfield>
</datafield>
<datafield tag="260" ind1=" " ind2=" ">
<subfield code="c">2015</subfield>
</datafield>
<datafield tag="520" ind1=" " ind2=" ">
<subfield code="a">La ELA es una enfermedad neurodegenerativa devastadora, progresiva, incapacitante y finalmente mortal. Se manifiesta por debilidad muscular y produce dificultades progresivas de movilización, comunicación, alimentación y, en última instancia, respiración.&#xd;
Se pretende revisar la literatura médica disponible sobre aspectos logopédicos relacionados con la ELA y valorar los tipos de tratamiento, sus beneficios, cuantos pacientes son derivados a logopedia, determinar las diferentes afectaciones en función de la forma de inicio de la ELA y valorar la posibilidad de establecer un diagnóstico precoz atendiendo a esta sintomatología.&#xd;
Revisión Sistemática en las bases de Pubmed, Medline, Google Académico y la Hemeroteca de estudios de casos y artículos relevantes sobre la sintomatología presente en la ELA y su vinculación con el tratamiento logopédico. De esta búsqueda seleccionamos un total de 42 artículos de los cuales incluimos 28 en la tabla de resultados.&#xd;
Los estudios muestran que a pesar de la necesidad de recibir tratamiento logopédico debido a los beneficios que este supone, el aplicado mayoritariamente es el médico- farmacológico.&#xd;
Se observa que hay poca literatura centrada directamente en la sintomatología logopédica en la ELA y su intervención.</subfield>
</datafield>
<datafield tag="024" ind2=" " ind1="8">
<subfield code="a">http://uvadoc.uva.es/handle/10324/13152</subfield>
</datafield>
<datafield ind1=" " ind2=" " tag="653">
<subfield code="a">Esclerosis lateral amiotrófica</subfield>
</datafield>
<datafield ind1=" " ind2=" " tag="653">
<subfield code="a">Voz - Trastornos</subfield>
</datafield>
<datafield tag="245" ind1="0" ind2="0">
<subfield code="a">Revisión sistemática de la ELA y los trastornos de la comunicación</subfield>
</datafield>
</record></metadata></record></GetRecord></OAI-PMH>